كتاب الصدق ;; Kitāb al-ṣidq / (Record no. 78792)
[ view plain ]
| 000 -LEADER | |
|---|---|
| fixed length control field | 00791nam a2200241 a 4500 |
| 001 - CONTROL NUMBER | |
| control field | 78792 |
| 003 - CONTROL NUMBER IDENTIFIER | |
| rucl marc code | BD-RjUL |
| 005 - DATE AND TIME OF LATEST TRANSACTION | |
| control field | 20211209083156.0 |
| 008 - FIXED-LENGTH DATA ELEMENTS--GENERAL INFORMATION | |
| fixed length control field | 211115s1963 ua 000 0 ara d |
| 035 ## - SYSTEM CONTROL NUMBER | |
| System control number | (BD-RjUL)79019 |
| 040 ## - CATALOGING SOURCE | |
| Original cataloging agency | NjP |
| Transcribing agency | NjP |
| Modifying agency | MH |
| -- | CStRLIN |
| -- | CtY |
| -- | UkOxU |
| Language of cataloging | eng |
| 041 ## - LANGUAGE CODE | |
| Language code of text/sound track or separate title | ara |
| 082 ## - DEWEY DECIMAL CLASSIFICATION NUMBER | |
| Edition number | 23 |
| Classification number | 297.382 |
| Author mark and year | KHK 1963 |
| 100 1# - MAIN ENTRY--PERSONAL NAME | |
| Personal name | خراز، ابي سعيد.;; Kharrāz, Abi Said |
| Dates associated with a name | -899 or 900. |
| 9 (RLIN) | 250031 |
| 245 14 - TITLE STATEMENT | |
| Title | كتاب الصدق ;; Kitāb al-ṣidq / |
| Statement of responsibility, etc. | Abū Saʿīd al-Kharrāz |
| 246 30 - VARYING FORM OF TITLE | |
| Title proper/short title | Kitāb al-ṣidq |
| 260 ## - PUBLICATION, DISTRIBUTION, ETC. (IMPRINT) | |
| Place of publication, distribution, etc. | al-Qāhirah : |
| Name of publisher, distributor, etc. | Dār al-Kutub al-Ḥadīthah, |
| Date of publication, distribution, etc. | [1963?] |
| 300 ## - PHYSICAL DESCRIPTION | |
| Pagination | 83 p. ; |
| Size | 21 cm. |
| 650 #0 - SUBJECT ADDED ENTRY--TOPICAL TERM | |
| Topical term or geographic name as entry element | Islam |
| Form subdivision | Prayers and devotions. |
| 9 (RLIN) | 250032 |
| Topical term or geographic name as entry element | Sufism. |
| 9 (RLIN) | 250033 |
| 700 1# - ADDED ENTRY--PERSONAL NAME | |
| Personal name | Maḥmūd, ʿAbd al-Ḥalīm. |
| 942 ## - ADDED ENTRY ELEMENTS (KOHA) | |
| Source of classification or shelving scheme | Dewey Decimal Classification |
| Koha item type | Books |
| Lost status | Source of classification or shelving scheme | Damaged status | Not for loan | Collection code | Permanent Location | Current Location | Shelving location | Date acquired | Total Checkouts | Full call number | Date last seen | Copy number | Koha item type |
|---|---|---|---|---|---|---|---|---|---|---|---|---|---|
| Dewey Decimal Classification | Not For Loan | Non-fiction | Central Library, University of Rajshahi | Central Library, University of Rajshahi | Reading Room | 15/11/2021 | A 297.382 KHK 1963 | 15/11/2021 | C-1 | Books |